Biggest Cities by Decade (200-290) - Statistics

General Stats
  • This quiz has been taken 27 times
  • The average score is 41 of 70
Answer Stats
Year Rank Population Answer % Correct
2. 450,000 Rome
100%
2. 450,000 Rome
100%
2. 450,000 Rome
100%
2. 450,000 Rome
100%
2. 440,000 Rome
100%
2. 420,000 Rome
100%
2. 410,000 Rome
100%
270 1. 390,000 Rome
100%
280 1. 380,000 Rome
100%
290 1. 360,000 Rome
100%
200 1. 600,000 Alexandria
86%
210 1. 600,000 Alexandria
86%
220 1. 600,000 Alexandria
86%
230 1. 600,000 Alexandria
86%
240 1. 570,000 Alexandria
86%
250 1. 510,000 Alexandria
86%
260 1. 450,000 Alexandria
86%
2. 390,000 Alexandria
86%
2. 330,000 Alexandria
86%
2. 270,000 Alexandria
86%
4. 200,000 Carthage
64%
4. 200,000 Carthage
64%
4. 200,000 Carthage
64%
4. 200,000 Carthage
64%
4. 190,000 Carthage
64%
5. 180,000 Carthage
64%
5. 160,000 Carthage
64%
5. 150,000 Carthage
64%
6. 150,000 Carthage
64%
3. 250,000 Antioch
55%
3. 250,000 Antioch
55%
3. 250,000 Antioch
55%
3. 250,000 Antioch
55%
3. 250,000 Antioch
55%
3. 250,000 Antioch
55%
4. 170,000 Antioch
55%
6. 140,000 Antioch
55%
7. 130,000 Antioch
55%
5. 190,000 Chang'an
55%
6. 140,000 Chang'an
55%
7. 130,000 Chang'an
55%
7. 130,000 Chengdu
50%
7. 130,000 Luoyang
50%
5. 160,000 Luoyang
50%
4. 200,000 Luoyang
50%
3. 200,000 Luoyang
50%
3. 200,000 Luoyang
50%
3. 200,000 Luoyang
50%
3. 200,000 Luoyang
50%
7. 130,000 Ctesiphon
36%
5. 150,000 Ctesiphon
36%
7. 130,000 Teotihuacan
36%
6. 130,000 Teotihuacan
36%
6. 130,000 Teotihuacan
36%
7. 130,000 Teotihuacan
36%
7. 140,000 Teotihuacan
36%
7. 140,000 Teotihuacan
36%
6. 140,000 Teotihuacan
36%
6. 140,000 Teotihuacan
36%
7. 140,000 Teotihuacan
36%
6. 150,000 Taxila
32%
5. 150,000 Taxila
32%
5. 150,000 Taxila
32%
5. 140,000 Taxila
32%
6. 140,000 Vaishali
9%
6. 150,000 Vaishali
9%
5. 160,000 Vaishali
9%
4. 170,000 Vaishali
9%
4. 180,000 Vaishali
9%
4. 190,000 Vaishali
9%
No matching quizzes found
Score Distribution
Percent of People with Each Score
Percentile by Number Answered
Your Score History
You have not taken this quiz